|
|
|
|
| LEADER |
01442nam a2200385 a 4500 |
| 001 |
000587329 |
| 003 |
CZ BrMZK |
| 005 |
20250925130127.0 |
| 007 |
ta |
| 008 |
020215s2001 xo f slo d |
| 020 |
|
|
|a 80-968620-5-7
|q (brož.)
|
| 040 |
|
|
|a BOA001
|c ze
|d BOA001
|
| 043 |
|
|
|a e-xo---
|
| 072 |
|
|
|a 323
|x Vnitropolitický vývoj, politický život
|2 Konspekt
|9 15
|
| 080 |
|
|
|a 323.12(=411.16)
|2 MRF
|
| 080 |
|
|
|a 94(=411.16)
|2 MRF
|
| 080 |
|
|
|a 323.28
|2 MRF
|
| 080 |
|
|
|a 94(437.6)
|2 MRF
|
| 080 |
|
|
|a (093)
|2 MRF
|
| 245 |
0 |
0 |
|a Holokaust na Slovensku.
|n [1],
|p Obdobie autonómie (6.10.1938-14.3.1939) : dokumenty /
|c editor: Eduard Nižňanský
|
| 260 |
|
|
|a Bratislava :
|b Nadácia Milana Šimečku,
|c 2001
|
| 300 |
|
|
|a 362 s. ;
|c 21 cm
|
| 500 |
|
|
|a Souběžný anglický úvod
|
| 504 |
|
|
|a Obsahuje bibliografii a rejstříky
|
| 541 |
|
|
|a Bratislava, Univerzitná knižnica
|
| 650 |
0 |
7 |
|a holocaust, 1939-1945
|7 ph117203
|z Slovensko
|2 czenas
|
| 650 |
0 |
7 |
|a antisemitismus
|7 ph118516
|z Slovensko
|2 czenas
|
| 650 |
0 |
7 |
|a Židé
|7 ph127782
|x perzekuce
|2 czenas
|
| 650 |
0 |
7 |
|a Židé
|7 ph127782
|z Slovensko
|2 czenas
|
| 655 |
|
7 |
|a dokumenty
|7 fd132064
|2 czenas
|
| 655 |
|
7 |
|a prameny
|7 fd131865
|2 czenas
|
| 700 |
1 |
|
|a Nižňanský, Eduard,
|d 1955-
|7 jn20010601871
|4 edt
|
| 910 |
|
|
|a BOA001
|b 2-1098.193,1
|b KPB-0001.007,1
|
| 990 |
|
|
|a BK
|
| 996 |
7 |
|
|b 2610153155
|c 2-1098.193,1
|l MZK
|r Sklad / do 1 hodiny
|n 13
|p vým
|w 000587329
|u 000010
|a 1
|e BOA001
|j MZK50
|s A
|